Wes Anderson Movies - Statistics

General Stats
  • This quiz has been taken 257 times
    62 since last reset
  • The average score is 9 of 12
Answer Stats
Years of Release Film % Correct
2014 The Grand Budapest Hotel
96%
2009 Fantastic Mr. Fox
89%
2023 Asteroid City
87%
2001 The Royal Tenenbaums
83%
2018 Isle of Dogs
81%
2021 The French Dispatch
81%
2007 The Darjeeling Limited
75%
2012 Moonrise Kingdom
74%
2025 The Phoenician Scheme
74%
1996 Bottle Rocket
68%
1998 Rushmore
68%
2004 The Life Aquatic with Steve Zissou
58%
No matching quizzes found
Score Distribution
Percent of People with Each Score
Percentile by Number Answered
Your Score History
You have not taken this quiz since the last reset